|
|
|
|
| LEADER |
00000nam0a2200000 4500 |
| 001 |
276260 |
| 005 |
20231101234913.0 |
| 010 |
|
|
|a 9785160097299
|
| 035 |
|
|
|a (RuTPU)RU\TPU\book\299518
|
| 090 |
|
|
|a 276260
|
| 100 |
|
|
|a 20141120d2015 m y0rusy50 ca
|
| 101 |
0 |
|
|a rus
|
| 102 |
|
|
|a RU
|
| 105 |
|
|
|a a j 001zy
|
| 200 |
1 |
|
|a Разрушение горных пород при бурении скважин
|e учебное пособие
|f В. В. Нескоромных
|g Сибирский федеральный университет (СФУ)
|
| 210 |
|
|
|a Москва
|c Инфра-М
|a Красноярск
|c Изд-во СФУ
|d 2015
|
| 215 |
|
|
|a 336 с.
|c ил.
|
| 225 |
1 |
|
|a Высшее образование. Бакалавриат
|
| 320 |
|
|
|a Библиогр.: с. 333-334.
|
| 330 |
|
|
|a Рассмотрены основы прочности и механики сплошной среды, методы определения механических свойств горных пород, процессы при механическом вращательном бурении горных пород различными типами буровых инструментов, параметры и свойства, определяющие буримость горных пород. Внимание уделено механизму разрушения горных пород при бурении различными типами породоразрушающих инструментов, таких как долота и коронки с твердосплавными резцами и резцами PDC, алмазным однослойным и импрегнированным инструментом и шарошечными долотами. Проанализированы условия разрушения горных пород при бурении глубоких скважин, влияние параметров режима бурения, очистных агентов и горно-геологических условий. Предназначено для студентов вузов по направлению подготовки 130000 «Нефтегазовое дело», профиль подготовки 131000.62.01 «Бурение нефтяных и газовых скважин» (ФГОС ВПО — 2010); может использоваться студентами вузов, обучающимися по специальности 130102.65 «Технологии геологической разведки», специализация 130102.65 «Технология и техника разведки месторождений полезных ископаемых» (ФГОС ВПО — 2010); также будет полезно аспирантам научных специальностей «Бурение и освоение скважин» и «Технология и техника геологоразведочных работ» и инженерно-техническим работникам, занятым в сфере производства буровых работ.
|
| 606 |
1 |
|
|a Горные породы
|x Разрушение при бурении
|2 stltpush
|3 (RuTPU)RU\TPU\subj\7968
|9 35473
|
| 610 |
1 |
|
|a твердые тела
|
| 610 |
1 |
|
|a механика
|
| 610 |
1 |
|
|a буримость
|
| 610 |
1 |
|
|a бурение
|
| 610 |
1 |
|
|a механическое разрушение
|
| 610 |
1 |
|
|a скважины
|
| 610 |
1 |
|
|a вращательное бурение
|
| 610 |
1 |
|
|a буровые инструменты
|
| 610 |
1 |
|
|a твердые сплавы
|
| 610 |
1 |
|
|a шарошечные долота
|
| 610 |
1 |
|
|a учебные пособия
|
| 675 |
|
|
|a 622.23.02(075.8)
|v 4
|
| 700 |
|
1 |
|a Нескоромных
|b В. В.
|
| 712 |
0 |
2 |
|a Сибирский федеральный университет (СФУ)
|c (Красноярск)
|2 stltpush
|3 (RuTPU)RU\TPU\col\11098
|
| 801 |
|
1 |
|a RU
|b 63413507
|c 20141120
|
| 801 |
|
2 |
|a RU
|b 63413507
|c 20151030
|g RCR
|
| 942 |
|
|
|c BK
|
| 959 |
|
|
|a 141/20141027
|d 5
|e 649,90
|f ЧЗТЛ:1
|f АНЛ:1
|f УФ:3
|